000
00289nam a2200121Ia 4500
005
20251222141855.0
008
251222s9999||||xx |||||||||||||| ||spa||
082
_a
269.2/D87
100
_a
Aleixandre, María Dolores
245
0
_a
Círculo en el Agua.
264
_b
Sal Terrae
942
_c
LIB
999
_c
7879
_d
7879